[Event "Skara Vastgota op"]
[Site "Skara"]
[Date "2022.10.29"]
[Round "2"]
[White "Gustavsson, Ingemar"]
[Black "Eklund, Lars Goran"]
[Result "0-1"]
[WhiteElo "1883"]
[BlackElo "2156"]
[PlyCount "86"]
[EventDate "2022.10.29"]
[EventType "swiss"]
[EventRounds "9"]
[EventCountry "SWE"]
[SourceTitle "EXT 2024"]
[Source "ChessBase"]
[SourceDate "2023.10.10"]
[SourceVersion "1"]
[SourceVersionDate "2023.10.10"]
[SourceQuality "1"]

1. e4 Nc6 2. Nc3 Nf6 3. d4 d6 4. Nf3 Bg4 5. Be2 e5 6. d5 Nb8 7. h3 Bh5 8. Be3 c6 9. Nd2 Bg6 10. h4 h5 11. Bg5 Nbd7 12. g4 hxg4 13. Bxg4 Be7 14. Bf3 cxd5 15. exd5 Rc8 16. h5 Bf5 17. Bxf6 Nxf6 18. Qe2 Qa5 19. Nb3 Qc7 20. 0-0-0 a6 21. Kb1 b5 22. Rc1 Qb6 23. Nd1 a5 24. Ne3 Bd7 25. Rhg1 Kf8 26. Rg3 e4 27. Bh1 a4 28. Nd2 Qd4 29. Rcg1 a3 30. c3 Qd3+ 31. Qxd3 exd3 32. Rxg7 axb2 33. Kxb2 Nxh5 34. R7g2 Nf4 35. Ne4 Nxg2 36. Bxg2 f5 37. Nd2 Bf6 38. Nd1 b4 39. Nb1 Rg8 40. f4 Re8 41. Kb3 Re2 42. Bf3 Rxg1 43. Bxe2 dxe2 0-1